000 00259nam a2200097Ia 4500
005 20250424112929.0
008 250424s9999 xx 000 0 und d
300 _avi, 249 p. :ill. ; 24 cm.
650 _aAdjustment (Psychology) Social psychology.
942 _cSR
999 _c37947
_d37947